000 00845nam a2200229 a 4500
001 000016209
005 20200929164324.0
008 100301s2004 dr ad 001 0 spa d
040 _aDO-SdBNP
_bspa
_cBNPHU
082 _a333.332
_bM534a
100 1 _aMena, Víctor L.
_936255
245 1 0 _aAvalúos de inmuebles :
_bun ensayo teórico práctico de las operaciones de avalúo básico /
_cVíctor L. Mena.
246 0 2 _aAvalúos de inmuebles : fundamentos básicos
260 _aSanto Domingo :
_bBúho,
_c2004.
300 _a138 p. :
_bil., tablas ;
_c22 cm.
504 _aBibliografía: p. 135-138.
590 _aInventariado, 2018/MFF
650 4 _aTasación
_xLegislación
_913992
650 4 _aValoración de bienes raíces
_zRepública Dominicana
_913993
650 4 _aAvalúo catastral
_98464
910 _aValidado. Control de calidad EMS
999 _c15747
_d15747